Foundations in microbiology
Gorde:
| Egile nagusia: | |
|---|---|
| Formatua: | Liburua |
| Hizkuntza: | Undetermined |
| Argitaratua: |
New York
McGraw-Hill
2005
|
| Gaiak: | |
| Etiketak: |
Etiketa erantsi
Etiketarik gabe, Izan zaitez lehena erregistro honi etiketa jartzen!
|
| Thư viện lưu trữ: | Trung tâm Học liệu Trường Đại học Cần Thơ |
|---|
| LEADER | 00514nam a2200193Ia 4500 | ||
|---|---|---|---|
| 001 | CTU_74835 | ||
| 008 | 210402s9999 xx 000 0 und d | ||
| 020 | |b 490500 | ||
| 082 | |a 579 | ||
| 082 | |b T137 | ||
| 100 | |a Talaro, Kathleen Parrk | ||
| 245 | 0 | |a Foundations in microbiology | |
| 245 | 0 | |c Kathleen Parrk Talaro | |
| 260 | |a New York | ||
| 260 | |b McGraw-Hill | ||
| 260 | |c 2005 | ||
| 650 | |a Microbiology,Medical microbiology | ||
| 904 | |i Minh | ||
| 980 | |a Trung tâm Học liệu Trường Đại học Cần Thơ | ||